1918 1165 1534 1948 1810 1879 1248 1678 1765 1744 1703 1194 1561 1772 1805 1811 1599 1605 1370 1049 1636 1629 1888 1418 1245 1840 1295 1202 1910 1465 1010 1436 1252 1743 1593 1802 1721 1112 1738 1261 1693 1933 1135 1846 1109 1759 1586 1730 1236 1460 1265 1057 1694 1595 1700 1415 1957 1381 1484 1137 1537 1714 1091 1961 1916 1157 1684 1167 1384 1810 1617 1478 1573 1666 1085 1651 1700 1746 1807 1120 1127 1903 1491 1189 1831 1961 1224 1022 1297 1854 1492 1005 1868 1985 1457 1396 1381 1397 1368 BCNSPRNW ULIB Ver.6.0+V

เปลี่ยนเป็นภาษาไทย

Change to English
 แสดงรายละเอียดบรรณานุกรม
  กลับหน้าหลัก

Brief Record : Get Marc (ISO 2709) : E-mail record : QR code < ปิดหน้าต่าง
LEADER : 00000nam 2200000uu 4500
001    13399124539
003     ULIB
008    150907s2551||||th 000 0 tha d
020    ^a9789746905565
090    ^aPL4189^bร286ร
245 00 ^aราชาศัพท์ :^bความหมาย ที่มา การใช้ที่ถูกต้อง และพระราชพิธีอันสำคัญต่างๆ ฉบับสมบูรณ์ /^cประเทือง โพธิ์ชะออน, รวบรวมและเรียบเรียง
250    ^aพิมพ์ครั้งที่ 1
260    ^aกรุงเทพฯ :^bดอกหญ้า 2000,^c2551
300    ^a319 หน้า ;^c19 ซม
650  7 ^aภาษาไทย^xราชาศัพท์
700 0  ^aประเทือง โพธิ์ชะออน
945    ^p145^l0^i15444
995    ^aทศพร
999    ^aทศพร เกษรทอง
รายการนี้ยังไม่มีแท็ก
คุณยังไม่ได้ล็อกอิน คุณสามารถมีกิจกรรมร่วมกับเว็บไซต์ได้ แต่ต้องล็อกอินก่อน ::
  ล็อกอิน

รายการสื่อสารสนเทศ

ลำดับที่ ประเภท เลขเรียก/บาร์โค้ด สถานที่ สถานะ
1. การศึกษาทั่วไป
การศึกษาทั่วไป
PL4189 ร286ร ฉ.1 
  Barcode: 15444
ห้องสมุดวิทยาเขตนครสวรรค์
►หนังสือทั่วไป:l:General Books
บนชั้น

BibComment


ยังไม่เคยถูกคอมเมนท์

คอมเมนท์ทรัพยากรรายการนี้
  คอมเมนท์: ราชาศัพท์ ความห..


 Copyright 2026. Bcnsprnw @Library